| 000 | 00604nam a22001817a 4500 | ||
|---|---|---|---|
| 008 | 160926b xxu||||| |||| 00| 0 eng d | ||
| 020 | _a0321652797 | ||
| 050 | _aQA 39.3 .B46 2011 | ||
| 100 | _aBennett, Jeffery | ||
| 245 |
_aUsing and Understanding Mathematics: _ba quantitative reasoning approach/ _cJeffrey Bennett and William Briggs |
||
| 250 | _a5th ed. | ||
| 260 |
_aBoston: _bAddison-Wesley, _c2011 |
||
| 300 |
_axix, 676p. : _bill. ; |
||
| 500 | _aIncludes index | ||
| 650 |
_aMathematics _xTextbooks |
||
| 700 | _aBriggs, Williams | ||
| 942 |
_2lcc _cBOOKS _hQA 39.3 .B46 2011 |
||
| 999 |
_c14056 _d14056 |
||